zpět

Detail výsledku týmu

Café Hostel, České Budějovice

Datum a čas kvízu

21.5 Celkem bodů Celkový počet nahraných bodů na tomto kvízu bez doplňovacích otázek.
7. Pořadí na kvízu Konečné umístění týmu na tomto kvízu.

Zaznamenané odpovědi

# Otázka Odpověď Body Výsledky
1. Město Praha minulý týden oznám... o jednorázové plastové nádobí 1
2. Jak se jmenuje město, které by... Vladivostok 0
3. Hlavní roli v pětadvacátém fil... Rami Malek 1
4. Jistý český internetový portál... Seznam.cz 1
5. Olomoucké hráčky ve třetím fin... o volejbale 1
6. Na obrázku vidíme nizozemské m... Gouda 0
7. Jak se jmenuje bývalá nizozems... Beatrix 0
8. Nizozemsko se může pyšnit slav... Hieronymus Bosch 0
9. V nizozemském Haagu sídlí jist... Shell 0
10. Mezi nejoblíbenější sporty v N... Hendrik Johannes Cruijff (Johan Cruyff) 0